Cybersecurity : (Record no. 36879)

MARC details
000 -LEADER
fixed length control field 00470nam a22001697a 4500
005 - DATE AND TIME OF LATEST TRANSACTION
control field 20250306094135.0
008 - FIXED-LENGTH DATA ELEMENTS--GENERAL INFORMATION
fixed length control field 250306b |||||||| |||| 00| 0 eng d
020 ## - INTERNATIONAL STANDARD BOOK NUMBER
ISBN 9781789616194
082 ## - DEWEY DECIMAL CLASSIFICATION NUMBER
Classification number 005.8
Item number OZK-C
100 ## - MAIN ENTRY--AUTHOR
Author Name Ozkaya, Dr Erdal
245 ## - TITLE STATEMENT
Title Cybersecurity :
Remainder of title The Beginner's Guide /
Statement of responsibility, etc. Dr.Edral Ozkaya
260 ## - PUBLICATION, DISTRIBUTION, ETC.
Place of Publication UK:
Name of publisher, distributor, etc. Elsevier;
Date of publication, distribution, etc. 2019.
300 ## - PHYSICAL DESCRIPTION
Pages xiv, 506 p. :
500 ## - GENERAL NOTE
General note include index.
650 ## - SUBJECT ADDED ENTRY--TOPICAL TERM
Subject / Department Cyber Security
300 ## - PHYSICAL DESCRIPTION
-- ill;
-- 24 cm.
952 ## - LOCATION AND ITEM INFORMATION (KOHA)
-- 0
-- 0
952 ## - LOCATION AND ITEM INFORMATION (KOHA)
-- 0
-- 0
952 ## - LOCATION AND ITEM INFORMATION (KOHA)
-- 0
-- 0
952 ## - LOCATION AND ITEM INFORMATION (KOHA)
-- 0
-- 0
952 ## - LOCATION AND ITEM INFORMATION (KOHA)
-- 0
-- 0
Holdings
Lost status Damaged status Collection code Permanent Location Current Location Shelving Location Date acquired Full Call Number Accession No./Barcode Date last seen Copy number item type Koha item type
    CS/IT Superior Information Resource Center (SIRC) Superior University- Gold Campus Superior Information Resource Center (SIRC) Superior University- Gold Campus Cyber Security 03/06/2025 005.8 OZK-C 2019 30001 03/06/2025 1 BOOK BOOK
    CS/IT Superior Information Resource Center (SIRC) Superior University- Gold Campus Superior Information Resource Center (SIRC) Superior University- Gold Campus Cyber Security 03/06/2025 005.8 OZK-C 2019 30002 03/06/2025 2 BOOK BOOK
    CS/IT Superior Information Resource Center (SIRC) Superior University- Gold Campus Superior Information Resource Center (SIRC) Superior University- Gold Campus Cyber Security 03/06/2025 005.8 OZK-C 2019 30003 03/06/2025 3 BOOK BOOK
    CS/IT Superior Information Resource Center (SIRC) Superior University- Gold Campus Superior Information Resource Center (SIRC) Superior University- Gold Campus Cyber Security 03/06/2025 005.8 OZK-C 2019 30004 03/06/2025 4 BOOK BOOK
    CS/IT Superior Information Resource Center (SIRC) Superior University- Gold Campus Superior Information Resource Center (SIRC) Superior University- Gold Campus Cyber Security 03/06/2025 005.8 OZK-C 2019 30005 03/06/2025 5 BOOK BOOK

Powered by Koha